MARC
|
|
|
|
| LEADER |
00000nam0a2200000 4500 |
| 001 |
339343 |
| 005 |
20231102005132.0 |
| 035 |
|
|
|a (RuTPU)RU\TPU\book\365858
|
| 090 |
|
|
|a 339343
|
| 100 |
|
|
|a 20171218d1975 km y0rusy50 ca
|
| 101 |
1 |
|
|a rus
|c cze
|
| 102 |
|
|
|a RU
|
| 105 |
|
|
|a a z 001zy
|
| 200 |
1 |
|
|a Проблемы семантики
|d Problemy semantiky
|e пер. с чеш.
|f Л. Тондл
|
| 210 |
|
|
|a Москва
|c Прогресс
|d 1975
|
| 215 |
|
|
|a 484 с.
|c ил.
|
| 225 |
1 |
|
|a Для научных библиотек
|
| 320 |
|
|
|a Библиогр.: с. 435-442
|
| 320 |
|
|
|a Предметный указатель: с. 464-479
|
| 320 |
|
|
|a Именной указатель: с. 480-482
|
| 510 |
1 |
|
|a Problemy semantiky
|z cze
|
| 606 |
1 |
|
|a Семасиология
|x Языкознание
|2 stltpush
|3 (RuTPU)RU\TPU\subj\54558
|9 72694
|
| 610 |
1 |
|
|a проблематика
|
| 610 |
1 |
|
|a логические понятия
|
| 610 |
1 |
|
|a смысл
|
| 610 |
1 |
|
|a денотация
|
| 610 |
1 |
|
|a критерии
|
| 610 |
1 |
|
|a неточность
|
| 610 |
1 |
|
|a семантика
|
| 610 |
1 |
|
|a онтология
|
| 610 |
1 |
|
|a информация
|
| 610 |
1 |
|
|a синонимия
|
| 686 |
|
|
|a Ш100.1
|v LBC/SL-A
|2 rubbk
|
| 700 |
|
1 |
|a Тондл
|b Л.
|g Ладислав
|
| 702 |
|
1 |
|a Уемов
|b А. И.
|4 340
|
| 801 |
|
1 |
|a RU
|b 63413507
|c 20171218
|
| 801 |
|
2 |
|a RU
|b 63413507
|c 20181023
|g RCR
|
| 942 |
|
|
|c BK
|